000 00693cam a22002293a 4500
001 11800
003 PGUSA
005 20140828083241.0
008 040301s2004||||xxu|||||s|||||000 | eng d
040 _aPGUSA
_beng
042 _adc
050 4 _aZ
100 1 _aLibrary of Congress. Copyright Office
245 1 0 _aU.S. Copyright Renewals 1950 - 1977
_h[electronic resource] /
_cLibrary of Congress. Copyright Office
260 _bProject Gutenberg,
_c2004
506 _aPublic domain in the USA.
516 _aElectronic text
653 _aCopyright -- United States -- Catalogs
830 0 _aProject Gutenberg
_v11800
856 4 0 _uhttp://www.gutenberg.org/ebooks/11800
942 _cEB
999 _c241055
_d241055